Tinkuy en los Andes : (Record no. 23388)

000 -CABECERA
fixed length control field 01406nam a22003137i 4500
003 - IDENTIFICADOR DEL NÚMERO DE CONTROL
control field AR-CdUCM
008 - DATOS DE LONGITUD FIJA--INFORMACIÓN GENERAL
fixed length control field 250902b20162016 pe||||| |||| 00| 0 spa d
040 ## - FUENTE DE LA CATALOGACIÓN
Agencia/entidad que catalogó originalmente la obra MUNICIPALIDAD PROVINCIAL DEL CUSCO
Entidad que transcribió la catalogación BIBLIOTECA MUNICIPAL DEL CUSCO
082 ## - NÚMERO DE LA CLASIFICACIÓN DECIMAL DEWEY
No. de Clasificación 306.0985 / T
Notacion interna T
100 ## - ENTRADA PRINCIPAL--NOMBRE DE PERSONA
Nombre Personal Flores Ochoa, Jorge
245 ## - MENCIÓN DE TÍTULO
Título Tinkuy en los Andes :
Resto del título Nuevos Enfoques sobre la Cultura Andina /
260 ## - PUBLICACIÓN, DISTRIBUCIÓN, ETC.
Lugar de publicación, distribución, etc. Cusco :
Nombre de la editorial, distribuidor, etc. Centro de Estudios Andinos Cuzco - CEAC
Fecha de publicación, distribución, etc. 2016
300 ## - DESCRIPCIÓN FÍSICA
Nº de Páginas Extensión 306 páginas. :
Dimensiones 21x15 cm.
500 ## - NOTA GENERAL
Bibliografía Páginas: 296-297
505 ## - NOTA DE CONTENIDO CON FORMATO
Nota de contenido formateada Homenaje a la obra escrita de dos intelectuales del mundo andino: Franklin Pease y Jorge Flores Ochoa -- El "Juicio de la historia" por el devenir de archivos, bibliotecas y otros repositorios documentales en el Perú del siglo XXI -- La limpieza y el uso de plantas nativas en la Conservación de de bienes culturales -- Garcilaso de la Vega y Guamán Poma de Ayala: dos formas de encarar la historia
650 ## - PUNTO DE ACCESO ADICIONAL DE MATERIA--TÉRMINO DE MATERIA
Descriptor Cultura Andina
9 (RLIN) 51480
650 ## - PUNTO DE ACCESO ADICIONAL DE MATERIA--TÉRMINO DE MATERIA
Descriptor Patrimonio Cultural
9 (RLIN) 3805
650 ## - PUNTO DE ACCESO ADICIONAL DE MATERIA--TÉRMINO DE MATERIA
Descriptor Inca Garcilaso de la Vega
9 (RLIN) 300
650 ## - PUNTO DE ACCESO ADICIONAL DE MATERIA--TÉRMINO DE MATERIA
Descriptor Guamán Poma
9 (RLIN) 51481
650 ## - PUNTO DE ACCESO ADICIONAL DE MATERIA--TÉRMINO DE MATERIA
Descriptor la Hurk'a
9 (RLIN) 51482
650 ## - PUNTO DE ACCESO ADICIONAL DE MATERIA--TÉRMINO DE MATERIA
Descriptor Ayni
9 (RLIN) 51483
650 ## - PUNTO DE ACCESO ADICIONAL DE MATERIA--TÉRMINO DE MATERIA
Descriptor Mink'a
9 (RLIN) 51484
700 ## - PUNTO DE ACCESO ADICIONAL--NOMBRE DE PERSONA
Nombre Personal Romero Pacheco, Martin H.
9 (RLIN) 51485
700 ## - PUNTO DE ACCESO ADICIONAL--NOMBRE DE PERSONA
Nombre Personal Pozo Cevallos, Dante A.
9 (RLIN) 51486
700 ## - PUNTO DE ACCESO ADICIONAL--NOMBRE DE PERSONA
Nombre Personal Rado Yañez, Carlos
9 (RLIN) 47288
942 ## - ELEMENTOS DE PUNTO DE ACCESO ADICIONAL (KOHA)
Fuente de clasificación
Tipo de item Libros-BMC
945 ## - PROCESAMIENTO DE INFORMACIÓN LOCAL (OCLC)
Catalogador pbjr
AAAA-MM-DD - Fecha de ingreso o modificacion 2-09-2025
Holdings
Estado de retiro (separado) Fuente de clasificación o esquema de estanterías Estado dañado Ubicación Sala donde se ubica Nombre de la colección Fecha de adquisición o compra Fuente de adquisición Costo, precio normal en soles Signatura topográfica Código de Barras Última vez visto (Koha) Tipo de ítem (Koha)
No     Sala Humanidades Sala Humanidades Book Cart 2025-09-02 Depósito legal 25.00 306.0985 / T SH0000017000 2025-09-02 Libros-BMC

Powered by Koha